Romte kiang a laikhak hilhchetna (Record no. 8963)

MARC details
000 -LEADER
fixed length control field 00547nam a22001817a 4500
003 - CONTROL NUMBER IDENTIFIER
control field GBCCL
005 - DATE AND TIME OF LATEST TRANSACTION
control field 20241126110702.0
008 - FIXED-LENGTH DATA ELEMENTS--GENERAL INFORMATION
fixed length control field 220208b ||||| |||| 00| 0 eng d
040 ## - CATALOGING SOURCE
Transcribing agency GBC
082 ## - DEWEY DECIMAL CLASSIFICATION NUMBER
Classification number VER 227.107
Item number KHA
100 ## - MAIN ENTRY--PERSONAL NAME
Personal name Khamvum, V.
9 (RLIN) 13375
245 ## - TITLE STATEMENT
Title Romte kiang a laikhak hilhchetna
260 ## - PUBLICATION, DISTRIBUTION, ETC.
Place of publication, distribution, etc. New Lamka:
Name of publisher, distributor, etc. Publication board, Evangelical Baptist Convention,
Date of publication, distribution, etc. 2020
300 ## - PHYSICAL DESCRIPTION
Extent 364p. ;
440 ## - SERIES STATEMENT/ADDED ENTRY--TITLE
Title Saptuam' Laisiangthou Hilhchetna.
9 (RLIN) 7247
650 ## - SUBJECT ADDED ENTRY--TOPICAL TERM
Topical term or geographic name entry element Bible
Form subdivision New Testament
General subdivision John
-- Commentary
9 (RLIN) 15683
942 ## - ADDED ENTRY ELEMENTS (KOHA)
Source of classification or shelving scheme Dewey Decimal Classification
Koha item type Books
Koha issues (borrowed), all copies 1
Holdings
Withdrawn status Lost status Source of classification or shelving scheme Damaged status Not for loan Home library Current Library Shelving location Date acquired Total checkouts Full call number Barcode Date last seen Date last checked out Copy number Price effective from Koha item type
    Dewey Decimal Classification     GRACE BIBLE COLLEGE GRACE BIBLE COLLEGE Vernacular 2022-02-08 1 VER 227.107 KHA 005196 2025-05-01 2024-10-29 c.1 2022-02-08 Books
    Dewey Decimal Classification     GRACE BIBLE COLLEGE GRACE BIBLE COLLEGE Vernacular 2025-06-16   VER 227.107 KHA 021015 2025-06-16   c.2 2025-06-16 Books
    Dewey Decimal Classification     GRACE BIBLE COLLEGE GRACE BIBLE COLLEGE Vernacular 2025-06-16   VER 227.107 KHA 021016 2025-06-16   c.3 2025-06-16 Books
© Grace Bible College Library 2025